| 000 | 00790nam a2200253 a 4500 | ||
|---|---|---|---|
| 001 | 000020182 | ||
| 005 | 20200929170313.0 | ||
| 008 | 100726s1961 sp 001 f spa d | ||
| 040 |
_aDO-SdBNP _bspa _cBNPHU |
||
| 082 |
_a863.6 _bA996m, 1961 |
||
| 100 | 1 |
_aAzorín, _d1873-1967 _95278 |
|
| 245 | 1 | 0 |
_aMaría Fontán : _bnovela rosa / _cAzorín. |
| 250 | _a3a ed. | ||
| 260 |
_aMadrid : _bEspasa-Calpe, _c1961. |
||
| 300 |
_a177, [20] p. ; _c18 cm. |
||
| 490 | 1 |
_aAustral. Azul: novela y cuentos en general _v525 |
|
| 500 | _aIncluye índice de autores. | ||
| 650 | 4 |
_aNovela española _91123 |
|
| 650 | 4 |
_aLiteratura española _9632 |
|
| 650 | 4 |
_aNovela amorosa española _941678 |
|
| 830 | 0 |
_aAustral. _pAzul: novela y cuentos en general; _v525 _942780 |
|
| 910 | _aWM | ||
| 049 | _aBNGR | ||
| 999 |
_c19689 _d19689 |
||